The case of the glow-in-the-dark ghost / (Record no. 1190)
[ view plain ]
| 000 -LEADER | |
|---|---|
| fixed length control field | 01183cam a22003133a 4500 |
| 005 - DATE AND TIME OF LATEST TRANSACTION | |
| control field | 20230825151617.0 |
| 020 ## - INTERNATIONAL STANDARD BOOK NUMBER | |
| International Standard Book Number | 078073003990 |
| 040 ## - CATALOGING SOURCE | |
| Original cataloging agency | OCO |
| Transcribing agency | OCO |
| Modifying agency | DLC |
| Language of cataloging | eng |
| 050 00 - LIBRARY OF CONGRESS CALL NUMBER | |
| Classification number | PZ7.P915 |
| 082 ## - DEWEY DECIMAL CLASSIFICATION NUMBER | |
| Classification number | Fic |
| 100 1# - MAIN ENTRY--PERSONAL NAME | |
| Personal name | Preller, James. |
| 245 14 - TITLE STATEMENT | |
| Title | The case of the glow-in-the-dark ghost / |
| Statement of responsibility, etc. | by James Preller ; illustrated by Jamie Smith ; cover illustration by R.W. Alley. |
| 260 ## - PUBLICATION, DISTRIBUTION, ETC. | |
| Place of publication, distribution, etc. | New York : |
| Name of publisher, distributor, etc. | Scholastic Inc., |
| Date of publication, distribution, etc. | 2004. |
| 300 ## - PHYSICAL DESCRIPTION | |
| Extent | 70 pages : |
| Other physical details | Illustrations ; |
| Dimensions | 20 cm |
| 490 1# - SERIES STATEMENT | |
| Series statement | Jigsaw Jones mysteries |
| Volume/sequential designation | Book 24 |
| 500 ## - GENERAL NOTE | |
| General note | "A Little Apple paperback". |
| 505 ## - FORMATTED CONTENTS NOTE | |
| Formatted contents note | J <br/> |
| 520 ## - SUMMARY, ETC. | |
| Summary, etc. | Jigsaw's school is haunted! Some kids saw a ghost dancing in the classroom. Jigsaw Jones is not afraid. He will catch this glowing ghost...even if he has to stay after school to do it! |
| 521 0# - TARGET AUDIENCE NOTE | |
| Target audience note | 450 <br/> |
| Source | Lexile <br/> |
| 521 0# - TARGET AUDIENCE NOTE | |
| Target audience note | J <br/> |
| Source | Raz-Plus <br/> |
| 650 #0 - SUBJECT ADDED ENTRY--TOPICAL TERM | |
| Topical term or geographic name entry element | Detective and mystery stories. |
| 655 #7 - INDEX TERM--GENRE/FORM | |
| Genre/form data or focus term | Children's stories. |
| Source of term | lcsh |
| 655 #7 - INDEX TERM--GENRE/FORM | |
| Genre/form data or focus term | Mystery fiction. |
| Source of term | gsafd |
| 700 1# - ADDED ENTRY--PERSONAL NAME | |
| Personal name | Smith, Jamie, |
| Dates associated with a name | 1971- |
| Relator term | illustrator. |
| 906 ## - LOCAL DATA ELEMENT F, LDF (RLIN) | |
| a | 7 |
| b | cbc |
| c | copycat |
| d | 2 |
| e | ncip |
| f | 20 |
| g | y-genrareb |
| 942 ## - ADDED ENTRY ELEMENTS (KOHA) | |
| Source of classification or shelving scheme | Dewey Decimal Classification |
| Koha item type | Books |
| Suppress in OPAC | No |
| 999 ## - | |
| -- | 1190 |
| -- | 1190 |
| Withdrawn status | Lost status | Source of classification or shelving scheme | Damaged status | Not for loan | Collection | Home library | Current library | Shelving location | Date acquired | Total Checkouts | Full call number | Barcode | Date last seen | Date last checked out | Price effective from | Koha item type |
|---|---|---|---|---|---|---|---|---|---|---|---|---|---|---|---|---|
| Dewey Decimal Classification | Juvenile Fiction | Footprints International School Library Network Toul Kork Campus | Footprints International School Library Network Toul Kork Campus | 08/07/2023 | 2 | PRE Fic PZ7.P915 | FIS00552 | 02/26/2024 | 02/19/2024 | 08/07/2023 | Books |
